000
00205 a2200097 4500
001
28781
100
_a
Dentscher, I
245
_a
Rssia after stalin
260
_a
_b
Bobs Merrill
_c
090
_c
19226
_d
19226
942
_a
NUST-CAE
_c
M
_c
10254
999
_c
263854
_d
263854